| 000 | nam a22 7a 4500 | ||
|---|---|---|---|
| 999 |
_c331847 _d331847 |
||
| 003 | NUST | ||
| 005 | 20171030130137.0 | ||
| 008 | 171030b xxu||||| |||| 00| 0 eng d | ||
| 020 | _a0 | ||
| 040 | _c0 | ||
| 082 | _a628 PAK | ||
| 245 |
_aPlan of Action 1993-98 Project Portfolio: _bA Digest of Environmental projects for 1994-95 |
||
| 260 |
_aPakistan _bEnvironment and urban affairs _c1998 |
||
| 300 | _a82p. | ||
| 500 | _aP.B | ||
| 942 |
_2ddc _cBK _kIESE |
||